000 00757nam a2200217Ia 4500
003 GCL
005 20240530102450.0
008 140319s9999 xx 000 0 ara d
040 _aGCL /
_cGCL
082 0 4 _a953.03
_bع ت
100 1 _aعبدالمنعم ماجد
245 1 0 _aالتاريخ السياسى للدولة العربية عصر الخلفاء الامويين /
_cعبدالمنعم ماجد
250 _aالثامنة
260 _aالقاهرة :
_bمكتبة الانجلوالمصرية ،
_c1998
300 _a415 ص ؛
_c24 سم
650 0 4 _aالاحوال السياسية
650 0 4 _aالتاريخ الاسلامى
650 0 4 _aالدولة الاموية
650 0 4 _aعصر الازدهار
942 _2ddc
_cBK
999 _c32434
_d32434